[Event "European Women's Championship"]
[Site "Vysoke Tatry"]
[Date "2018.04.10"]
[Round "3"]
[White "Trisha Kanyamarala"]
[Black "Mikadze, Miranda"]
[Result "0-1"]
[Board "61"]
[WhiteElo "2031"]
[WhiteCountry "IRL"]
[WhiteFideId "45004722"]
[WhiteEloChange "-5"]
[BlackElo "2216"]
[BlackTitle "WGM"]
[BlackCountry "GEO"]
[BlackFideId "13603108"]
[BlackEloChange "5"]

1. Nf3 {[%clk 1:30:44]} d5 {[%clk 1:30:56]} 2. c4 {[%clk 1:30:58]} c6 {[%clk
1:31:23]} 3. g3 {[%clk 1:30:43]} Bg4 {[%clk 1:31:30]} 4. Bg2 {[%clk 1:29:58]} e6
{[%clk 1:31:53]} 5. Ne5 {[%clk 1:27:32]} Bh5 {[%clk 1:31:45]} 6. cxd5 {[%clk
1:24:22]} exd5 {[%clk 1:31:28]} 7. d4 {[%clk 1:18:08]} Nd7 {[%clk 1:27:30]} 8.
Bf4 {[%clk 1:11:20]} Nxe5 {[%clk 1:25:31]} 9. Bxe5 {[%clk 1:09:40]} Qb6 {[%clk
1:23:40]} 10. Qd2 {[%clk 1:07:16]} Ne7 {[%clk 1:19:22]} 11. Bd6 {[%clk 0:56:50]}
Nf5 {[%clk 1:15:48]} 12. Bxf8 {[%clk 0:56:18]} Kxf8 {[%clk 1:16:12]} 13. e3
{[%clk 0:55:37]} Nd6 {[%clk 1:16:38]} 14. b3 {[%clk 0:46:16]} Ne4 {[%clk
1:16:55]} 15. Qb2 {[%clk 0:42:34]} Qb5 {[%clk 1:10:25]} 16. Qa3+ {[%clk 0:37:51]}
Kg8 {[%clk 1:10:24]} 17. Bf1 {[%clk 0:36:50]} Qb6 {[%clk 1:08:29]} 18. Bg2 {[%clk
0:36:42]} Qb5 {[%clk 1:01:45]} 19. Bf1 {[%clk 0:37:02]} Qb6 {[%clk 1:02:12]} 20.
Bg2 {[%clk 0:37:21]} Re8 {[%clk 0:55:13]} 21. O-O {[%clk 0:36:30]} h6 {[%clk
0:54:30]} 22. Qb2 {[%clk 0:35:25]} Kh7 {[%clk 0:49:24]} 23. Nd2 {[%clk 0:34:52]}
Ng5 {[%clk 0:47:48]} 24. h3 {[%clk 0:31:23]} f6 {[%clk 0:47:47]} 25. Rfe1 {[%clk
0:28:31]} a5 {[%clk 0:46:10]} 26. Qc3 {[%clk 0:27:27]} Re7 {[%clk 0:44:56]} 27.
Rac1 {[%clk 0:23:48]} Rhe8 {[%clk 0:43:49]} 28. a3 {[%clk 0:20:56]} Ne6 {[%clk
0:43:11]} 29. Rf1 {[%clk 0:19:28]} Nc7 {[%clk 0:42:12]} 30. Qc5 {[%clk 0:18:09]}
Qxc5 {[%clk 0:42:34]} 31. Rxc5 {[%clk 0:18:28]} Ra8 {[%clk 0:42:48]} 32. Rfc1
{[%clk 0:17:07]} g5 {[%clk 0:42:10]} 33. Bf1 {[%clk 0:15:52]} f5 {[%clk 0:41:49]}
34. Bd3 {[%clk 0:15:50]} Bg6 {[%clk 0:40:59]} 35. Nf3 {[%clk 0:15:15]} f4 {[%clk
0:41:10]} 36. Bxg6+ {[%clk 0:14:52]} Kxg6 {[%clk 0:41:37]} 37. Ne5+ {[%clk
0:14:34]} Kg7 {[%clk 0:13:02]} 38. a4 {[%clk 0:12:37]} Ne8 {[%clk 0:09:26]} 39.
Kg2 {[%clk 0:11:24]} fxe3 {[%clk 0:09:44]} 40. fxe3 {[%clk 0:41:46]} Nd6 {[%clk
0:40:02]} 41. Rf1 {[%clk 0:40:29]} Ra6 {[%clk 0:34:01]} 42. Rc2 {[%clk 0:33:58]}
Rb6 {[%clk 0:33:23]} 43. Rb1 {[%clk 0:29:20]} Ne4 {[%clk 0:20:31]} 44. Kf3 {[%clk
0:26:42]} c5 {[%clk 0:17:30]} 45. Kg2 {[%clk 0:22:30]} c4 {[%clk 0:11:43]} 46.
Rcb2 {[%clk 0:19:06]} c3 {[%clk 0:12:02]} 47. Rc2 {[%clk 0:18:17]} Rxe5 {[%clk
0:08:27]} 48. dxe5 {[%clk 0:18:37]} Kf7 {[%clk 0:08:55]} 49. Rf1+ {[%clk
0:11:34]} Ke7 {[%clk 0:09:11]} 50. Rf6 {[%clk 0:05:27]} Rxb3 {[%clk 0:08:43]} 51.
Rxh6 {[%clk 0:05:34]} b5 {[%clk 0:09:11]} 52. Kf3 {[%clk 0:02:21]} b4 {[%clk
0:05:52]} 53. Rh7+ {[%clk 0:00:40]} Ke6 {[%clk 0:06:16]} 54. Rc7 {[%clk 0:00:52]}
Rb2 {[%clk 0:05:20]} 55. Rc1 {[%clk 0:01:14]} Rf2+ {[%clk 0:05:40]} 56. Kg4
{[%clk 0:01:37]} Rg2 {[%clk 0:06:07]} 57. h4 {[%clk 0:00:36]} Rxg3+ {[%clk
0:06:22]} 58. Kh5 {[%clk 0:01:01]} gxh4 {[%clk 0:06:15]} 59. Kxh4 {[%clk
0:01:16]} Rxe3 {[%clk 0:06:40]} 60. Kg4 {[%clk 0:01:08]} Kxe5 {[%clk 0:06:51]}
61. Rd1 {[%clk 0:00:54]} Nf2+ {[%clk 0:07:03]} 0-1

[Event "European Women's Championship"]
[Site "Vysoke Tatry"]
[Date "2018.04.10"]
[Round "3"]
[White "Dwilewicz, Katarzyna"]
[Black "Ozbay, Ece"]
[Result "1-0"]
[Board "62"]
[WhiteElo "1967"]
[WhiteTitle "WFM"]
[WhiteCountry "POL"]
[WhiteFideId "1148486"]
[WhiteEloChange "16"]
[BlackElo "2216"]
[BlackTitle "WFM"]
[BlackCountry "TUR"]
[BlackFideId "6351743"]
[BlackEloChange "-16"]

1. e4 {[%clk 1:30:56]} c5 {[%clk 1:30:51]} 2. Nf3 {[%clk 1:31:19]} e6 {[%clk
1:31:16]} 3. d4 {[%clk 1:31:39]} cxd4 {[%clk 1:31:42]} 4. Nxd4 {[%clk 1:31:59]}
Nc6 {[%clk 1:32:09]} 5. Nc3 {[%clk 1:32:17]} Qc7 {[%clk 1:32:30]} 6. g3 {[%clk
1:32:27]} a6 {[%clk 1:32:49]} 7. Bg2 {[%clk 1:32:44]} Nf6 {[%clk 1:31:16]} 8. O-O
{[%clk 1:33:00]} Nxd4 {[%clk 1:31:33]} 9. Qxd4 {[%clk 1:33:20]} Bc5 {[%clk
1:32:02]} 10. Bf4 {[%clk 1:25:16]} d6 {[%clk 1:32:29]} 11. Qd3 {[%clk 1:23:06]}
h6 {[%clk 1:31:28]} 12. Rad1 {[%clk 1:16:59]} e5 {[%clk 1:30:00]} 13. Be3 {[%clk
1:17:06]} Be6 {[%clk 1:30:07]} 14. Bxc5 {[%clk 1:15:04]} dxc5 {[%clk 1:30:35]}
15. Nd5 {[%clk 1:14:32]} Bxd5 {[%clk 1:31:00]} 16. exd5 {[%clk 1:14:55]} Qd6
{[%clk 1:31:25]} 17. c4 {[%clk 1:07:08]} O-O {[%clk 1:30:22]} 18. Rfe1 {[%clk
1:06:18]} Rae8 {[%clk 1:26:03]} 19. a3 {[%clk 1:03:00]} g6 {[%clk 1:15:42]} 20.
Rb1 {[%clk 0:48:37]} Nd7 {[%clk 1:13:13]} 21. Qd2 {[%clk 0:48:36]} Kh7 {[%clk
1:12:36]} 22. b4 {[%clk 0:48:59]} f5 {[%clk 1:08:52]} 23. Rb2 {[%clk 0:43:53]} b6
{[%clk 1:02:24]} 24. Reb1 {[%clk 0:39:53]} Rb8 {[%clk 0:56:27]} 25. a4 {[%clk
0:32:01]} e4 {[%clk 0:52:11]} 26. a5 {[%clk 0:26:29]} Ne5 {[%clk 0:47:45]} 27.
bxc5 {[%clk 0:26:11]} Qxc5 {[%clk 0:26:39]} 28. Rxb6 {[%clk 0:19:32]} Rxb6 {[%clk
0:25:57]} 29. axb6 {[%clk 0:13:26]} Rb8 {[%clk 0:09:26]} 30. b7 {[%clk 0:02:42]}
Qa7 {[%clk 0:03:35]} 31. Qf4 {[%clk 0:01:52]} Qd4 {[%clk 0:03:37]} 32. h4 {[%clk
0:01:44]} Qd3 {[%clk 0:02:25]} 33. Rc1 {[%clk 0:01:42]} Qd4 {[%clk 0:02:37]} 34.
Qe3 {[%clk 0:01:09]} Qxe3 {[%clk 0:02:12]} 35. fxe3 {[%clk 0:01:38]} Rxb7 {[%clk
0:02:41]} 36. c5 {[%clk 0:02:00]} Rc7 {[%clk 0:01:12]} 37. Bf1 {[%clk 0:02:03]}
Nd3 {[%clk 0:00:33]} 38. Bxd3 {[%clk 0:02:18]} exd3 {[%clk 0:01:02]} 39. c6
{[%clk 0:02:09]} Kg7 {[%clk 0:01:16]} 40. Rd1 {[%clk 0:31:17]} Kf7 {[%clk
0:30:47]} 41. Rxd3 {[%clk 0:31:39]} Ke8 {[%clk 0:31:02]} 42. Ra3 {[%clk 0:30:25]}
Ke7 {[%clk 0:28:42]} 43. Rxa6 {[%clk 0:29:16]} Kd6 {[%clk 0:29:10]} 44. Ra5
{[%clk 0:29:21]} g5 {[%clk 0:28:59]} 45. Kf2 {[%clk 0:22:00]} gxh4 {[%clk
0:20:29]} 46. gxh4 {[%clk 0:22:28]} Rg7 {[%clk 0:20:53]} 47. Rb5 {[%clk 0:18:36]}
Rg4 {[%clk 0:20:44]} 48. Rb8 {[%clk 0:16:46]} Rc4 {[%clk 0:18:25]} 49. Rd8+
{[%clk 0:16:37]} Ke5 {[%clk 0:18:51]} 50. Rd7 {[%clk 0:11:10]} Ke4 {[%clk
0:01:56]} 51. c7 {[%clk 0:10:56]} Rc2+ {[%clk 0:01:03]} 52. Kg3 {[%clk 0:10:44]}
Rc3 {[%clk 0:01:27]} 53. d6 {[%clk 0:10:06]} f4+ {[%clk 0:01:51]} 54. Kg4 {[%clk
0:09:46]} h5+ {[%clk 0:02:15]} 55. Kxh5 {[%clk 0:10:08]} f3 {[%clk 0:01:15]} 56.
Rf7 {[%clk 0:09:14]} Ke5 {[%clk 0:00:45]} 57. Rf8 {[%clk 0:03:46]} f2 {[%clk
0:00:55]} 58. d7 {[%clk 0:03:39]} 1-0

[Event "European Women's Championship"]
[Site "Vysoke Tatry"]
[Date "2018.04.11"]
[Round "4"]
[White "Dzagnidze, Nana"]
[Black "Cornette, Deimante"]
[Result "1-0"]
[Board "1"]
[WhiteElo "2507"]
[WhiteTitle "GM"]
[WhiteCountry "GEO"]
[WhiteFideId "13601903"]
[WhiteEloChange "4"]
[BlackElo "2467"]
[BlackTitle "IM"]
[BlackCountry "LTU"]
[BlackFideId "12802859"]
[BlackEloChange "-4"]

1. d4 {[%clk 1:30:52]} Nf6 {[%clk 1:30:42]} 2. c4 {[%clk 1:31:12]} e6 {[%clk
1:31:03]} 3. Nc3 {[%clk 1:31:28]} Bb4 {[%clk 1:31:02]} 4. e3 {[%clk 1:31:38]} d5
{[%clk 1:25:46]} 5. a3 {[%clk 1:31:12]} Bxc3+ {[%clk 1:25:49]} 6. bxc3 {[%clk
1:31:38]} c6 {[%clk 1:26:05]} 7. a4 {[%clk 1:27:40]} O-O {[%clk 1:26:19]} 8. Nf3
{[%clk 1:27:33]} b6 {[%clk 1:26:01]} 9. Ba3 {[%clk 1:27:20]} Re8 {[%clk 1:26:14]}
10. cxd5 {[%clk 1:27:12]} cxd5 {[%clk 1:24:26]} 11. Bb5 {[%clk 1:25:31]} Bd7
{[%clk 1:24:27]} 12. Bd3 {[%clk 1:25:32]} Nc6 {[%clk 1:13:44]} 13. O-O {[%clk
1:25:44]} e5 {[%clk 1:07:58]} 14. dxe5 {[%clk 1:23:16]} Nxe5 {[%clk 1:08:22]} 15.
Nxe5 {[%clk 1:23:35]} Rxe5 {[%clk 1:08:47]} 16. Bb2 {[%clk 1:22:24]} Re8 {[%clk
1:01:44]} 17. c4 {[%clk 1:21:33]} dxc4 {[%clk 1:01:25]} 18. Bxc4 {[%clk 1:21:25]}
Be6 {[%clk 0:57:20]} 19. Bb5 {[%clk 1:12:37]} Qxd1 {[%clk 0:56:52]} 20. Rfxd1
{[%clk 1:13:02]} Red8 {[%clk 0:56:25]} 21. Bd4 {[%clk 1:05:37]} Nd7 {[%clk
0:51:20]} 22. Rdc1 {[%clk 1:03:09]} Rac8 {[%clk 0:44:44]} 23. Rxc8 {[%clk
0:56:40]} Rxc8 {[%clk 0:45:03]} 24. a5 {[%clk 0:57:06]} bxa5 {[%clk 0:32:42]} 25.
f3 {[%clk 0:47:45]} Nb6 {[%clk 0:26:16]} 26. Rxa5 {[%clk 0:46:49]} Rc1+ {[%clk
0:20:48]} 27. Kf2 {[%clk 0:47:10]} Rc2+ {[%clk 0:21:13]} 28. Kg3 {[%clk 0:47:00]}
Ra2 {[%clk 0:21:08]} 29. Rxa2 {[%clk 0:45:40]} Bxa2 {[%clk 0:21:33]} 30. e4
{[%clk 0:45:51]} f6 {[%clk 0:21:12]} 31. f4 {[%clk 0:43:59]} Kf7 {[%clk 0:20:55]}
32. Kf3 {[%clk 0:41:39]} Ke6 {[%clk 0:20:10]} 33. g4 {[%clk 0:38:29]} Bb3 {[%clk
0:09:28]} 34. h4 {[%clk 0:35:31]} Bd1+ {[%clk 0:09:02]} 35. Kg3 {[%clk 0:35:55]}
Nc8 {[%clk 0:04:09]} 36. f5+ {[%clk 0:30:26]} Kf7 {[%clk 0:03:45]} 37. Bc4+
{[%clk 0:30:31]} Ke8 {[%clk 0:04:03]} 38. g5 {[%clk 0:30:40]} Ke7 {[%clk
0:03:04]} 39. Kf4 {[%clk 0:28:14]} Bc2 {[%clk 0:02:35]} 40. Bc5+ {[%clk 0:42:01]}
Ke8 {[%clk 0:32:47]} 41. g6 {[%clk 0:40:18]} hxg6 {[%clk 0:27:36]} 42. fxg6
{[%clk 0:40:27]} Ne7 {[%clk 0:26:54]} 43. h5 {[%clk 0:36:49]} Bd1 {[%clk
0:17:32]} 44. Bxe7 {[%clk 0:36:49]} Bxh5 {[%clk 0:17:46]} 45. Bxf6 {[%clk
0:37:11]} Kf8 {[%clk 0:16:17]} 46. Kg5 {[%clk 0:37:11]} Bf3 {[%clk 0:16:12]} 47.
e5 {[%clk 0:37:35]} 1-0

[Event "European Women's Championship"]
[Site "Vysoke Tatry"]
[Date "2018.04.11"]
[Round "4"]
[White "Muzychuk, Mariya"]
[Black "Zimina, Olga"]
[Result "1-0"]
[Board "2"]
[WhiteElo "2540"]
[WhiteTitle "GM"]
[WhiteCountry "UKR"]
[WhiteFideId "14114550"]
[WhiteEloChange "3"]
[BlackElo "2414"]
[BlackTitle "IM"]
[BlackCountry "ITA"]
[BlackFideId "4132190"]
[BlackEloChange "-3"]

1. d4 {[%clk 1:30:57]} d5 {[%clk 1:30:54]} 2. c4 {[%clk 1:31:24]} c6 {[%clk
1:31:20]} 3. Nc3 {[%clk 1:31:48]} dxc4 {[%clk 1:31:46]} 4. e4 {[%clk 1:31:47]} b5
{[%clk 1:32:10]} 5. a4 {[%clk 1:32:15]} b4 {[%clk 1:32:35]} 6. Na2 {[%clk
1:32:43]} Nf6 {[%clk 1:32:58]} 7. e5 {[%clk 1:33:10]} Nd5 {[%clk 1:33:24]} 8.
Bxc4 {[%clk 1:33:37]} e6 {[%clk 1:33:44]} 9. Nf3 {[%clk 1:32:55]} a5 {[%clk
1:34:09]} 10. Bd2 {[%clk 1:31:10]} Ba6 {[%clk 1:24:30]} 11. Bxa6 {[%clk 1:25:44]}
Nxa6 {[%clk 1:24:44]} 12. Nc1 {[%clk 1:26:01]} c5 {[%clk 1:17:31]} 13. Qe2 {[%clk
1:25:34]} cxd4 {[%clk 1:14:05]} 14. Nb3 {[%clk 1:20:15]} Qd7 {[%clk 0:57:20]} 15.
Nfxd4 {[%clk 1:18:07]} Bc5 {[%clk 0:54:06]} 16. Qg4 {[%clk 1:03:03]} O-O {[%clk
0:48:43]} 17. O-O {[%clk 0:56:30]} Rfc8 {[%clk 0:43:58]} 18. Nb5 {[%clk 0:41:20]}
Bf8 {[%clk 0:37:42]} 19. N3d4 {[%clk 0:36:18]} Nac7 {[%clk 0:30:41]} 20. Rfd1
{[%clk 0:29:14]} Nxb5 {[%clk 0:30:31]} 21. Nxb5 {[%clk 0:29:10]} Rc2 {[%clk
0:29:39]} 22. Nd4 {[%clk 0:25:37]} Rc4 {[%clk 0:28:44]} 23. b3 {[%clk 0:23:41]}
Rc5 {[%clk 0:22:02]} 24. Nb5 {[%clk 0:18:27]} Rac8 {[%clk 0:20:48]} 25. h4 {[%clk
0:18:06]} Kh8 {[%clk 0:20:19]} 26. h5 {[%clk 0:17:39]} h6 {[%clk 0:20:44]} 27.
Bf4 {[%clk 0:12:10]} Rc2 {[%clk 0:19:02]} 28. Rd3 {[%clk 0:11:31]} Bc5 {[%clk
0:16:58]} 29. Rf1 {[%clk 0:10:27]} Qe7 {[%clk 0:10:39]} 30. Rxd5 {[%clk 0:08:02]}
Bxf2+ {[%clk 0:09:36]} 31. Rxf2 {[%clk 0:08:25]} exd5 {[%clk 0:09:41]} 32. Nd4
{[%clk 0:08:14]} R2c3 {[%clk 0:07:50]} 33. Nf5 {[%clk 0:07:25]} Qf8 {[%clk
0:08:11]} 34. Nd6 {[%clk 0:06:36]} R8c6 {[%clk 0:02:09]} 35. Bxh6 {[%clk
0:03:14]} Rxd6 {[%clk 0:01:11]} 36. exd6 {[%clk 0:03:35]} gxh6 {[%clk 0:01:36]}
37. Qd4+ {[%clk 0:02:24]} Kg8 {[%clk 0:01:51]} 38. Qxd5 {[%clk 0:02:49]} Rc1+
{[%clk 0:01:08]} 39. Kh2 {[%clk 0:03:08]} Rc8 {[%clk 0:00:57]} 40. d7 {[%clk
0:31:47]} Rd8 {[%clk 0:31:22]} 41. Re2 {[%clk 0:29:21]} Kh7 {[%clk 0:25:41]} 42.
Qc6 {[%clk 0:27:32]} f6 {[%clk 0:22:51]} 43. Re8 {[%clk 0:23:45]} Qf7 {[%clk
0:22:56]} 44. Qc2+ {[%clk 0:23:35]} 1-0

[Event "European Women's Championship"]
[Site "Vysoke Tatry"]
[Date "2018.04.11"]
[Round "4"]
[White "Bulmaga, Irina"]
[Black "Gunina, Valentina"]
[Result "0-1"]
[Board "3"]
[WhiteElo "2414"]
[WhiteTitle "IM"]
[WhiteCountry "ROU"]
[WhiteFideId "13903063"]
[WhiteEloChange "-4"]
[BlackElo "2507"]
[BlackTitle "GM"]
[BlackCountry "RUS"]
[BlackFideId "4167570"]
[BlackEloChange "4"]

1. e4 {[%clk 1:30:56]} e5 {[%clk 1:30:53]} 2. Nf3 {[%clk 1:31:16]} Nc6 {[%clk
1:31:18]} 3. Bb5 {[%clk 1:31:31]} Nf6 {[%clk 1:31:26]} 4. d3 {[%clk 1:31:30]} Bc5
{[%clk 1:31:28]} 5. Bxc6 {[%clk 1:31:26]} dxc6 {[%clk 1:31:50]} 6. Nbd2 {[%clk
1:31:33]} O-O {[%clk 1:31:39]} 7. O-O {[%clk 1:31:23]} Qe7 {[%clk 1:31:12]} 8.
Nc4 {[%clk 1:28:30]} Nd7 {[%clk 1:31:32]} 9. Qe2 {[%clk 1:27:10]} f6 {[%clk
1:30:30]} 10. Bd2 {[%clk 1:20:25]} Rd8 {[%clk 1:25:10]} 11. a3 {[%clk 1:03:40]}
Nf8 {[%clk 1:17:14]} 12. b4 {[%clk 0:58:31]} Bd6 {[%clk 1:17:32]} 13. d4 {[%clk
0:51:37]} exd4 {[%clk 1:16:20]} 14. Qd3 {[%clk 0:38:06]} Be6 {[%clk 1:06:29]} 15.
Nxd4 {[%clk 0:23:17]} c5 {[%clk 1:05:52]} 16. bxc5 {[%clk 0:23:14]} Bxc5 {[%clk
1:06:11]} 17. c3 {[%clk 0:23:26]} Qf7 {[%clk 1:01:02]} 18. Ne3 {[%clk 0:20:52]}
Bb6 {[%clk 1:01:11]} 19. Qb1 {[%clk 0:18:52]} c6 {[%clk 0:56:09]} 20. Nxe6 {[%clk
0:16:32]} Rxd2 {[%clk 0:50:53]} 21. Nc4 {[%clk 0:09:21]} Rxf2 {[%clk 0:50:28]}
22. Nxb6 {[%clk 0:08:13]} Rxf1+ {[%clk 0:50:50]} 23. Kxf1 {[%clk 0:07:58]} axb6
{[%clk 0:51:02]} 24. Nxf8 {[%clk 0:08:18]} Qc4+ {[%clk 0:48:13]} 25. Kg1 {[%clk
0:08:28]} Qc5+ {[%clk 0:48:21]} 26. Kh1 {[%clk 0:08:52]} Kxf8 {[%clk 0:48:45]}
27. Qd3 {[%clk 0:03:38]} h6 {[%clk 0:46:39]} 28. h3 {[%clk 0:02:01]} b5 {[%clk
0:46:41]} 29. Rd1 {[%clk 0:00:32]} Kg8 {[%clk 0:46:19]} 30. Qd7 {[%clk 0:00:48]}
Rxa3 {[%clk 0:44:26]} 31. Qxb7 {[%clk 0:00:45]} Rxc3 {[%clk 0:44:26]} 32. Qc8+
{[%clk 0:00:32]} Kh7 {[%clk 0:44:49]} 33. Rf1 {[%clk 0:00:31]} Rc1 {[%clk
0:45:05]} 0-1

[Event "European Women's Championship"]
[Site "Vysoke Tatry"]
[Date "2018.04.11"]
[Round "4"]
[White "Nechaeva, Marina"]
[Black "Sebag, Marie"]
[Result "1/2-1/2"]
[Board "4"]
[WhiteElo "2413"]
[WhiteTitle "IM"]
[WhiteCountry "RUS"]
[WhiteFideId "4149351"]
[WhiteEloChange "1"]
[BlackElo "2492"]
[BlackTitle "GM"]
[BlackCountry "FRA"]
[BlackFideId "617822"]
[BlackEloChange "-1"]

1. d4 {[%clk 1:30:57]} d5 {[%clk 1:30:51]} 2. c4 {[%clk 1:31:23]} c6 {[%clk
1:31:16]} 3. Nc3 {[%clk 1:31:49]} Nf6 {[%clk 1:31:40]} 4. e3 {[%clk 1:32:15]} e6
{[%clk 1:32:03]} 5. Nf3 {[%clk 1:32:40]} Nbd7 {[%clk 1:32:27]} 6. Qc2 {[%clk
1:33:02]} Bd6 {[%clk 1:32:19]} 7. Bd3 {[%clk 1:33:27]} O-O {[%clk 1:31:24]} 8.
O-O {[%clk 1:33:51]} e5 {[%clk 1:25:47]} 9. cxd5 {[%clk 1:34:12]} cxd5 {[%clk
1:26:12]} 10. e4 {[%clk 1:34:35]} exd4 {[%clk 1:25:29]} 11. Nxd5 {[%clk 1:34:59]}
Nxd5 {[%clk 1:24:39]} 12. exd5 {[%clk 1:35:25]} h6 {[%clk 1:24:09]} 13. Nxd4
{[%clk 1:35:49]} Qh4 {[%clk 1:22:08]} 14. Nf3 {[%clk 1:36:14]} Qh5 {[%clk
1:21:37]} 15. Bh7+ {[%clk 1:36:37]} Kh8 {[%clk 1:22:04]} 16. Qf5 {[%clk 1:37:03]}
Qxf5 {[%clk 1:22:13]} 17. Bxf5 {[%clk 1:37:28]} Nf6 {[%clk 1:21:24]} 18. Bxc8
{[%clk 1:37:53]} Rfxc8 {[%clk 1:20:43]} 19. Rd1 {[%clk 1:38:17]} Rd8 {[%clk
1:18:42]} 20. Be3 {[%clk 1:38:26]} Be7 {[%clk 1:17:16]} 21. d6 {[%clk 1:38:51]}
Rxd6 {[%clk 1:08:38]} 22. Rxd6 {[%clk 1:39:16]} Bxd6 {[%clk 1:09:01]} 23. Rd1
{[%clk 1:39:42]} 1/2-1/2

[Event "European Women's Championship"]
[Site "Vysoke Tatry"]
[Date "2018.04.11"]
[Round "4"]
[White "Paehtz, Elisabeth"]
[Black "Mammadzada, Gunay"]
[Result "1/2-1/2"]
[Board "5"]
[WhiteElo "2468"]
[WhiteTitle "IM"]
[WhiteCountry "GER"]
[WhiteFideId "4641833"]
[WhiteEloChange "-1"]
[BlackElo "2392"]
[BlackTitle "IM"]
[BlackCountry "AZE"]
[BlackFideId "13403729"]
[BlackEloChange "2"]

1. e4 {[%clk 1:30:57]} c5 {[%clk 1:30:53]} 2. Nf3 {[%clk 1:31:23]} d6 {[%clk
1:31:14]} 3. d4 {[%clk 1:31:50]} cxd4 {[%clk 1:31:39]} 4. Nxd4 {[%clk 1:32:16]}
Nf6 {[%clk 1:32:03]} 5. Nc3 {[%clk 1:32:44]} a6 {[%clk 1:32:27]} 6. g3 {[%clk
1:33:11]} Bd7 {[%clk 1:15:47]} 7. Bg2 {[%clk 1:33:16]} Nc6 {[%clk 1:16:11]} 8.
O-O {[%clk 1:32:45]} e6 {[%clk 1:14:04]} 9. Be3 {[%clk 1:30:11]} Be7 {[%clk
1:14:13]} 10. f4 {[%clk 1:28:10]} O-O {[%clk 1:10:05]} 11. Nb3 {[%clk 1:28:35]}
b5 {[%clk 0:45:49]} 12. a3 {[%clk 1:24:17]} Rc8 {[%clk 0:42:04]} 13. g4 {[%clk
1:22:48]} g6 {[%clk 0:41:43]} 14. Kh1 {[%clk 1:19:27]} Ne8 {[%clk 0:38:24]} 15.
Qd2 {[%clk 1:05:44]} Qc7 {[%clk 0:29:57]} 16. Rad1 {[%clk 1:02:13]} Rd8 {[%clk
0:29:49]} 17. Qf2 {[%clk 1:01:04]} Qb8 {[%clk 0:29:35]} 18. f5 {[%clk 0:51:30]}
Ne5 {[%clk 0:26:29]} 19. h3 {[%clk 0:51:23]} f6 {[%clk 0:23:28]} 20. fxe6 {[%clk
0:42:03]} Bxe6 {[%clk 0:23:51]} 21. Nd5 {[%clk 0:42:31]} Bxd5 {[%clk 0:19:32]}
22. exd5 {[%clk 0:42:53]} Ng7 {[%clk 0:19:59]} 23. Nd4 {[%clk 0:42:34]} f5 {[%clk
0:18:50]} 24. Qg3 {[%clk 0:33:14]} Qc8 {[%clk 0:15:01]} 25. Nc6 {[%clk 0:23:49]}
Rde8 {[%clk 0:09:08]} 26. Nxe5 {[%clk 0:18:21]} dxe5 {[%clk 0:09:36]} 27. d6
{[%clk 0:18:42]} Bxd6 {[%clk 0:09:45]} 28. Rxd6 {[%clk 0:19:05]} f4 {[%clk
0:10:12]} 29. Qe1 {[%clk 0:17:35]} fxe3 {[%clk 0:10:06]} 30. Rxf8+ {[%clk
0:17:55]} Rxf8 {[%clk 0:07:13]} 31. Rc6 {[%clk 0:12:28]} Qd7 {[%clk 0:06:35]} 32.
Qxe3 {[%clk 0:12:50]} Re8 {[%clk 0:06:45]} 33. Qb3+ {[%clk 0:10:26]} Kh8 {[%clk
0:07:08]} 34. Qc3 {[%clk 0:09:21]} e4 {[%clk 0:04:47]} 35. Rc7 {[%clk 0:09:26]}
Qd1+ {[%clk 0:05:13]} 36. Kh2 {[%clk 0:09:32]} Qd6+ {[%clk 0:05:41]} 37. Kg1
{[%clk 0:09:21]} Qf8 {[%clk 0:05:59]} 38. Qe3 {[%clk 0:08:32]} Ne6 {[%clk
0:06:09]} 39. Rd7 {[%clk 0:06:39]} Qf4 {[%clk 0:00:33]} 40. Qe1 {[%clk 0:33:20]}
Qe5 {[%clk 0:30:35]} 41. Qe3 {[%clk 0:31:22]} Qf4 {[%clk 0:24:46]} 42. Qe1 {[%clk
0:30:41]} e3 {[%clk 0:19:37]} 43. Qc3+ {[%clk 0:14:14]} Kg8 {[%clk 0:19:57]} 44.
Bd5 {[%clk 0:04:09]} Qg3+ {[%clk 0:14:01]} 45. Kh1 {[%clk 0:04:36]} Qxh3+ {[%clk
0:14:27]} 46. Kg1 {[%clk 0:05:04]} Qxg4+ {[%clk 0:13:27]} 47. Kh2 {[%clk
0:05:17]} Qh4+ {[%clk 0:06:48]} 48. Kg2 {[%clk 0:05:20]} Qg5+ {[%clk 0:05:34]}
49. Kh2 {[%clk 0:05:38]} Qh6+ {[%clk 0:05:49]} 50. Kg2 {[%clk 0:04:43]} Qg5+
{[%clk 0:02:19]} 51. Kh2 {[%clk 0:05:07]} Qf4+ {[%clk 0:02:33]} 52. Kg2 {[%clk
0:04:03]} Qg4+ {[%clk 0:02:59]} 53. Kh2 {[%clk 0:04:25]} Qh4+ {[%clk 0:03:22]}
54. Kg2 {[%clk 0:04:37]} Qg5+ {[%clk 0:03:50]} 55. Kh2 {[%clk 0:04:57]} Qh6+
{[%clk 0:04:16]} 56. Kg2 {[%clk 0:05:21]} e2 {[%clk 0:01:35]} 57. Bxe6+ {[%clk
0:05:24]} Rxe6 {[%clk 0:02:04]} 58. Rd8+ {[%clk 0:05:48]} Kf7 {[%clk 0:02:31]}
59. Rd7+ {[%clk 0:06:11]} Kg8 {[%clk 0:01:44]} 60. Rd8+ {[%clk 0:06:37]} Kf7
{[%clk 0:02:10]} 61. Rd7+ {[%clk 0:07:05]} 1/2-1/2

[Event "European Women's Championship"]
[Site "Vysoke Tatry"]
[Date "2018.04.11"]
[Round "4"]
[White "Javakhishvili, Lela"]
[Black "Ziaziulkina, Nastassia"]
[Result "0-1"]
[Board "6"]
[WhiteElo "2467"]
[WhiteTitle "IM"]
[WhiteCountry "GEO"]
[WhiteFideId "13601458"]
[WhiteEloChange "-6"]
[BlackElo "2363"]
[BlackTitle "IM"]
[BlackCountry "BLR"]
[BlackFideId "13505211"]
[BlackEloChange "13"]

1. Nf3 {[%clk 1:30:55]} d5 {[%clk 1:30:24]} 2. c4 {[%clk 1:31:15]} c6 {[%clk
1:30:27]} 3. d4 {[%clk 1:31:18]} Nf6 {[%clk 1:30:33]} 4. Nc3 {[%clk 1:31:41]} e6
{[%clk 1:29:30]} 5. g3 {[%clk 1:32:04]} dxc4 {[%clk 1:27:27]} 6. Bg2 {[%clk
1:32:27]} Nbd7 {[%clk 1:20:09]} 7. O-O {[%clk 1:32:31]} Be7 {[%clk 1:18:01]} 8.
e4 {[%clk 1:31:46]} O-O {[%clk 1:16:27]} 9. Bf4 {[%clk 1:30:29]} Re8 {[%clk
1:04:27]} 10. a4 {[%clk 1:30:35]} a5 {[%clk 1:04:33]} 11. Qe2 {[%clk 1:30:55]} b6
{[%clk 1:03:55]} 12. Nd2 {[%clk 1:31:10]} Ba6 {[%clk 1:02:40]} 13. Rfd1 {[%clk
1:31:29]} Nf8 {[%clk 0:59:43]} 14. Nxc4 {[%clk 1:28:21]} Ng6 {[%clk 0:52:39]} 15.
Bc1 {[%clk 1:25:37]} Bb4 {[%clk 0:48:39]} 16. Na2 {[%clk 1:22:26]} Bf8 {[%clk
0:44:04]} 17. Bg5 {[%clk 1:06:29]} Rc8 {[%clk 0:37:23]} 18. b3 {[%clk 1:05:24]}
h6 {[%clk 0:28:03]} 19. Bc1 {[%clk 1:05:29]} b5 {[%clk 0:27:07]} 20. Ne5 {[%clk
1:00:24]} Nxe5 {[%clk 0:25:30]} 21. dxe5 {[%clk 1:00:05]} Nd7 {[%clk 0:25:46]}
22. Bb2 {[%clk 0:54:25]} Qc7 {[%clk 0:25:38]} 23. Rac1 {[%clk 0:52:01]} Qb7
{[%clk 0:25:24]} 24. Qc2 {[%clk 0:49:58]} Red8 {[%clk 0:22:23]} 25. Bf1 {[%clk
0:46:19]} b4 {[%clk 0:16:34]} 26. Rd2 {[%clk 0:41:17]} Bxf1 {[%clk 0:16:49]} 27.
Kxf1 {[%clk 0:41:06]} Qa6+ {[%clk 0:13:33]} 28. Kg2 {[%clk 0:40:21]} Nb8 {[%clk
0:13:55]} 29. Rcd1 {[%clk 0:37:49]} Rxd2 {[%clk 0:13:55]} 30. Rxd2 {[%clk
0:37:34]} c5 {[%clk 0:14:28]} 31. Nc1 {[%clk 0:34:19]} Be7 {[%clk 0:13:36]} 32.
h4 {[%clk 0:28:28]} Qc6 {[%clk 0:13:37]} 33. f3 {[%clk 0:20:55]} Nd7 {[%clk
0:13:51]} 34. Ne2 {[%clk 0:14:14]} Nb6 {[%clk 0:13:43]} 35. Rd1 {[%clk 0:14:25]}
c4 {[%clk 0:12:04]} 36. Nd4 {[%clk 0:14:45]} Qc5 {[%clk 0:12:02]} 37. Kh3 {[%clk
0:12:07]} Rd8 {[%clk 0:07:54]} 38. bxc4 {[%clk 0:07:55]} Qxc4 {[%clk 0:07:57]}
39. Rd2 {[%clk 0:05:32]} b3 {[%clk 0:05:28]} 40. Qc3 {[%clk 0:31:24]} Bb4 {[%clk
0:34:12]} 0-1